00897 2200337 4500001002100000005001700021008004100038020001800079035002400097040001200121082001500133084001700148100002500165245005500190250001100245260004000256300003100296504002600327650002400353850001200377990001700389990001700406990001700423990001700440990001700457990001700474990001700491990001700508990001700525990001700542INLIS00000000002191220160810104605.0  a979-692-951-1 0010-081600000000269 aYOPDYOG 223a597.03 a597.03 Sar E aSARI PUSPARINI SOLEH aEnsiklopedia Anakb: Ikanc/ Sari Pusparini Soleh; aCet. 2 aBandung:bRemaja Rosdakarya,c2016. a56 hlm.b; ilus.c; 29 cm. aBibliografi : hlm. 56 aIkan - Ensiklopedia aYOPDYOG a9789-KS/B.16 a9790-KS/B.16 a9791-KS/B.16 a9792-KS/B.16 a9793-KS/B.16 a9794-KS/B.16 a9795-KS/B.16 a9796-KS/B.16 a9797-KS/B.16 a9798-KS/B.16